banner koha

Interacao entre cultivares de Phaseolus vulgaris e estirpes de Rhizobium na fixacao e transporte do nitrogenio [feijao] (Registro n. 118778)

MARC details
000 -LÍDER
campo de controle de tamanho fixo 01017nas a2200289 4500
001 - NÚMERO DE CONTROLE
campo de controle BR8602590
003 - IDENTIFICADOR DO NÚMERO DE CONTROLE
campo de controle BR-BrBNA
005 - DATA E HORÁRIO DA ÚLTIMA TRANSAÇÃO
campo de controle 20231205090502.0
007 - CAMPO FIXO DE DESCRIÇÃO FÍSICA--INFORMAÇÃO GERAL
campo de controle de tamanho fixo ta
008 - CAMPO DE DADOS FIXOS--INFORMAÇÃO GERAL
campo de controle de tamanho fixo 230509b bl.|||p| |||| 00| 00por d
040 ## - FONTE DA CATALOGAÇÃO
Instituição da catalogação original BR-BrBNA
Idioma da catalogação por
Instituição que transcreveu o registro Biblioteca Nacional de Agricultura
041 ## - CÓDIGO DE IDIOMA
Código do idioma do texto/trilha sonora ou título diferente (Pt)
072 ## - CÓDIGO DE CATEGORIA DE ASSUNTO
Código de Categoria de Assunto P34
100 1# - ENTRADA PRINCIPAL--NOME PESSOAL
Nome pessoal Hungria, M.
100 1# - ENTRADA PRINCIPAL--NOME PESSOAL
Nome pessoal Neves, M.C.P.
111 1# - ENTRADA PRINCIPAL--NOME DO EVENTO
Nome do evento ou lugar 12. RELAR
Local do evento Campinas, SP (Brazil)
Data do evento ou assinatura do tratado 21-26 Oct 1984
245 1# - TÍTULO
Título Interacao entre cultivares de Phaseolus vulgaris e estirpes de Rhizobium na fixacao e transporte do nitrogenio [feijao]
246 1# - FORMA VARIANTE DO TÍTULO
Título/título abreviado Interaction between Phaseolus vulgaris cultivars and Rhizobium strains in nitrogen fixation and transport
650 ## - ASSUNTO--TERMO TÓPICO
Cabeçalho tópico ou nome geográfico FEIJAO
650 ## - ASSUNTO--TERMO TÓPICO
Cabeçalho tópico ou nome geográfico RHIZOBIUM
650 ## - ASSUNTO--TERMO TÓPICO
Cabeçalho tópico ou nome geográfico NITROGENASE
650 ## - ASSUNTO--TERMO TÓPICO
Cabeçalho tópico ou nome geográfico FIXACAO DE NITROGENIO
650 ## - ASSUNTO--TERMO TÓPICO
Cabeçalho tópico ou nome geográfico NODULACAO
773 0# - ENTRADA ANALÍTICA
Título Pesquisa Agropecuaria Brasileira (Brazil)
ISSN - International Standard Serial Number ISSN 0100-204X
Partes relacionadas (Feb 1986), v. 21(2) p. 127-140
Número de controle do registro BR8602590
909 ## -
-- 202311
-- Lúcia
-- 55
-- Lúcia Elande
942 ## - ELEMENTOS DE ENTRADA ADICIONADOS (KOHA)
Fonte da classificação ou esquema de arquivamento na estante Classificação AGRIS
Ocultar no OPAC Não
Tipo de material Koha Analítica
Exemplares
Situação do descarte Fonte da classificação ou esquema de arquivamento na estante Situação física Não pode ser emprestado Biblioteca de origem Biblioteca atual Localização na estante Enumeração do periódico / cronologia Total de empréstimos Data de último acesso Número do exemplar Tipo de material Koha Fonte de aquisição
  Classificação AGRIS   Consulta local Biblioteca Nacional de Agricultura - Binagri Biblioteca Nacional de Agricultura - Binagri   (Feb 1986), v. 21(2) p. 127-140   29/11/2023 01 Periódicos Portaria Interministerial nº 164/94

BINAGRI

Telefone: (61)3218-2567/2388/3357/2097 - binagri@agro.gov.br

Ministério da Agricultura e Pecuária , Esplanada dos Ministérios, Bloco D, Anexo B, Brasília/DF, CEP: 70.043-900